000 00550nam a2200229Ia 4500
003 OSt
005 20220924141507.0
006 a|||||r|||| 00| 0
007 ta
008 220923b |||||||| |||| 00| 0 ben d
024 _a298407
037 _cTextual
040 _aARTS
_cARTS
_bben
041 _2ben
_aben
082 _aO168,1L97x, 157L4
100 _aGalib
_9212201
245 0 _aKavita
260 _c1974
650 _aURDU LITERATURE
942 _hO168,1L97x, 157L4
_cTEXL
_2CC
999 _c447429
_d447429